Taylor Swift 13 Random Albums By 1 Song In Them - Statistics

General Stats
  • This quiz has been taken 215 times
    145 since last reset
  • The average score is 12 of 13
Answer Stats
Song 🎵 Album 💿 % Correct
Welcome To New York 1989 (Taylor’s Version)
100%
Blank Space 1989 (Taylor’s Version)
100%
Style 1989 (Taylor’s Version)
100%
Out Of The Woods 1989 (Taylor’s Version)
100%
All You Had To Do Was Stay 1989 (Taylor’s Version)
100%
Shake It Off 1989 (Taylor’s Version)
100%
I Wish You Would 1989 (Taylor’s Version)
100%
Bad Blood 1989 (Taylor’s Version)
100%
Wildest Dreams 1989 (Taylor’s Version)
100%
How You Get The Girl 1989 (Taylor’s Version)
100%
This Love 1989 (Taylor’s Version)
100%
I Know Places 1989 (Taylor’s Version)
100%
You Are In Love 1989 (Taylor’s Version)
100%
New Romantics 1989 (Taylor’s Version)
100%
Slut! 1989 (Taylor’s Version)
100%
Now That We Don’t Talk 1989 (Taylor’s Version)
100%
Suburban Legends 1989 (Taylor’s Version)
100%
willow evermore
100%
champagne problems evermore
100%
gold rush evermore
100%
‘tis the damn season evermore
100%
tolerate it evermore
100%
dorothea evermore
100%
coney island evermore
100%
cowboy like me evermore
100%
marjorie evermore
100%
evermore evermore
100%
Fearless Fearless (Taylor’s Version)
100%
Fifteen Fearless (Taylor’s Version)
100%
Love Story Fearless (Taylor’s Version)
100%
Hey Stephen Fearless (Taylor’s Version)
100%
White Horse Fearless (Taylor’s Version)
100%
You Belong With Me Fearless (Taylor’s Version)
100%
Breathe Fearless (Taylor’s Version)
100%
You’re Not Sorry Fearless (Taylor’s Version)
100%
Forever & Always Fearless (Taylor’s Version)
100%
The Best Day Fearless (Taylor’s Version)
100%
Change Fearless (Taylor’s Version)
100%
Jump Then Fall Fearless (Taylor’s Version)
100%
Untouchable Fearless (Taylor’s Version)
100%
Come In With The Rain Fearless (Taylor’s Version)
100%
Superstar Fearless (Taylor’s Version)
100%
You All Over Me Fearless (Taylor’s Version)
100%
Mr. Perfectly Fine Fearless (Taylor’s Version)
100%
We Were Happy Fearless (Taylor’s Version)
100%
That’s When Fearless (Taylor’s Version)
100%
Don’t You Fearless (Taylor’s Version)
100%
the 1 folklore
100%
cardigan folklore
100%
the last great american dynasty folklore
100%
exile folklore
100%
mirrorball folklore
100%
seven folklore
100%
august folklore
100%
illicit affairs folklore
100%
mad woman folklore
100%
epiphany folklore
100%
betty folklore
100%
peace folklore
100%
hoax folklore
100%
Cruel Summer Lover
100%
Lover Lover
100%
The Man Lover
100%
The Archer Lover
100%
I Think He Knows Lover
100%
Miss America & The Heart Break Prince Lover
100%
Paper Rings Lover
100%
Cornelia Street Lover
100%
Death By A Thousand Cuts Lover
100%
London Boy Lover
100%
False God Lover
100%
You Need To Calm Down Lover
100%
Afterglow Lover
100%
ME! Lover
100%
Daylight Lover
100%
All Of The Girls You Loved Before Lover
100%
Lavender Haze Midnights
100%
Maroon Midnights
100%
Anti-Hero Midnights
100%
You’re On Your Own Kid Midnights
100%
Midnight Rain Midnights
100%
Question…? Midnights
100%
Vigilante Shit Midnights
100%
Bejeweled Midnights
100%
Labyrinth Midnights
100%
Karma Midnights
100%
Mastermind Midnights
100%
The Great War Midnights
100%
Bigger Than The Whole Sky Midnights
100%
Paris Midnights
100%
High Infidelity Midnights
100%
Glitch Midnights
100%
Would’ve, Could’ve, Should’ve Midnights
100%
Dear Reader Midnights
100%
State Of Grace Red (Taylor’s Version)
100%
Red Red (Taylor’s Version)
100%
Treacherous Red (Taylor’s Version)
100%
I Knew You Were Trouble Red (Taylor’s Version)
100%
All Too Well Red (Taylor’s Version)
100%
22 Red (Taylor’s Version)
100%
I Almost Do Red (Taylor’s Version)
100%
We Are Never Getting Back Together Red (Taylor’s Version)
100%
Stay Stay Stay Red (Taylor’s Version)
100%
The Lucky One Red (Taylor’s Version)
100%
Everything Has Changed Red (Taylor’s Version)
100%
Starlight Red (Taylor’s Version)
100%
Come Back… Be Here Red (Taylor’s Version)
100%
Nothing New Red (Taylor’s Version)
100%
Message In A Bottle Red (Taylor’s Version)
100%
Forever Winter Red (Taylor’s Version)
100%
Run Red (Taylor’s Version)
100%
The Very First Time Red (Taylor’s Version)
100%
All Too Well (10 Minute Version) Red (Taylor’s Version)
100%
…Ready For It? reputation
100%
End Game reputation
100%
I Did Something Bad reputation
100%
Don’t Blame Me reputation
100%
Delicate reputation
100%
Look What You Made Me Do reputation
100%
So It Goes… reputation
100%
Gorgeous reputation
100%
Getaway Car reputation
100%
King Of My Heart reputation
100%
Dancing With Our Hands Tied reputation
100%
This Is Why We Can’t Have Nice Things reputation
100%
Call It What You Want reputation
100%
Back To December Speak Now (Taylor’s Version)
100%
Speak Now Speak Now (Taylor’s Version)
100%
Dear John Speak Now (Taylor’s Version)
100%
Never Grow Up Speak Now (Taylor’s Version)
100%
Enchanted Speak Now (Taylor’s Version)
100%
Better Than Revenge Speak Now (Taylor’s Version)
100%
Innocent Speak Now (Taylor’s Version)
100%
Haunted Speak Now (Taylor’s Version)
100%
Long Live Speak Now (Taylor’s Version)
100%
Last Kiss Speak Now (Taylor’s Version)
100%
Ours Speak Now (Taylor’s Version)
100%
If This Was A Movie Speak Now (Taylor’s Version)
100%
Superman Speak Now (Taylor’s Version)
100%
Electric Touch Speak Now (Taylor’s Version)
100%
I Can See You Speak Now (Taylor’s Version)
100%
Castles Crumbling Speak Now (Taylor’s Version)
100%
Timeless Speak Now (Taylor’s Version)
100%
Tim McGraw Taylor Swift
100%
Picture to Burn Taylor Swift
100%
Teardrops On my Guitar Taylor Swift
100%
Cold As You Taylor Swift
100%
The Outside Taylor Swift
100%
Stay Beautiful Taylor Swift
100%
Mary’s Song (Oh My My My) Taylor Swift
100%
Our Song Taylor Swift
100%
Invisible Taylor Swift
100%
A Perfectly Good Heart Taylor Swift
100%
Babe Red (Taylor’s Version)
91%
Wonderland 1989 (Taylor’s Version)
90%
Sparks Fly Speak Now (Taylor’s Version)
89%
Say Don’t Go 1989 (Taylor’s Version)
88%
It’s Nice To Have A Friend Lover
88%
Begin Again Red (Taylor’s Version)
88%
Dress reputation
88%
no body, no crime evermore
86%
When Emma Falls In Love Speak Now (Taylor’s Version)
86%
closure evermore
83%
Tell Me Why Fearless (Taylor’s Version)
83%
Sweet Nothing Midnights
83%
The Moment I Knew Red (Taylor’s Version)
83%
Girl At Home Red (Taylor’s Version)
83%
Better Man Red (Taylor’s Version)
83%
Safe & Sound Red (Taylor’s Version)
83%
Mine Speak Now (Taylor’s Version)
83%
The Story Of Us Speak Now (Taylor’s Version)
83%
I’m Only Me When I’m With You Taylor Swift
83%
my tears ricochet folklore
80%
this is me trying folklore
80%
Hit’s Different Midnights
80%
happiness evermore
75%
ivy evermore
75%
The Way I Loved You Fearless (Taylor’s Version)
75%
invisible folklore
75%
the lakes folklore
75%
I Forgot That You Existed Lover
75%
The Last Time Red (Taylor’s Version)
75%
New Years Day reputation
75%
Foolish One Speak Now (Taylor’s Version)
75%
A Place In This World Taylor Swift
75%
Should’ve Said No Taylor Swift
75%
it’s time to go evermore
73%
Holy Ground Red (Taylor’s Version)
71%
Clean 1989 (Taylor’s Version)
67%
Is It Over Now? 1989 (Taylor’s Version)
67%
long story short evermore
67%
right where you left me evermore
67%
Bye Bye Baby Fearless (Taylor’s Version)
67%
Snow On The Beach Midnights
67%
Sad Beautiful Tragic Red (Taylor’s Version)
67%
Eyes Open Red (Taylor’s Version)
67%
The Other Side Of The Door Fearless (Taylor’s Version)
60%
Soon You’ll Get Better Lover
50%
Ronan Red (Taylor’s Version)
50%
Mean Speak Now (Taylor’s Version)
50%
Tied Together With A Smile Taylor Swift
50%
Today Was A Fairytale Fearless (Taylor’s Version)
0%
No matching quizzes found
Score Distribution
Percent of People with Each Score
Percentile by Number Answered
Your Score History
You have not taken this quiz since the last reset